ロード中...

An Analysis of Classroom Interaction in Cooperative Learning New Insights for Secondary School English Teachers

Cooperative learning is one of the main instructional strategies that can be used to create a non-threatening environment, which encourages participation and promotes positive social interactions. The study is intended to analyze the perception of secondary school English teachers regarding constrai...

詳細記述

書誌詳細
第一著者: Noora Abdul Kader
フォーマット: Printed Book
出版事項: Educational Quest 2013
主題:
オンライン・アクセス:http://10.26.1.76/ks/005946.pdf
LEADER 01529nam a22001457a 4500
100 |a Noora Abdul Kader  |9 23028 
245 |a An Analysis of Classroom Interaction in Cooperative Learning New Insights for Secondary School English Teachers  
260 |b Educational Quest  |c 2013 
300 |a Page 137-141  |b 4(2): August, 2013 
520 |a Cooperative learning is one of the main instructional strategies that can be used to create a non-threatening environment, which encourages participation and promotes positive social interactions. The study is intended to analyze the perception of secondary school English teachers regarding constrains met by them for the successful implementation of cooperative learning in classroom. Investigator also made an attempt to find out the difficulties met by secondary school students in English classroom in using English as a second language while engaged in cooperative learning. The study followed the method of survey on a sample of 120 secondary school students and 40 secondary school English teachers from the state of Kerala. Findings of the study revealed several factors which may serve as an eye opener for English language teachers for making cooperative learning more close to the students. Practical suggestions for the problems were highlighted by the investigator in the study. 
650 |a ENGLISH LANGUAGE TEACHING   |9 36901 
856 |u http://10.26.1.76/ks/005946.pdf 
942 |c KS 
999 |c 87467  |d 87467 
952 |0 0  |1 0  |4 0  |7 0  |9 79777  |a MGUL  |b MGUL  |d 2016-07-20  |l 0  |r 2016-07-20  |w 2016-07-20  |y KS